000 00312nam a2200121Ia 4500
008 220204s9999 xx 000 0 und d
082 _a657
_bGUP
100 _aGupta, R L
245 0 _aAdvanced accountancy: Theory, method and application. 2 V
260 _aDelhi
_bS Chand
650 _aAccountancy
942 _cBK
999 _c27515
_d27515